000 01705nam a22002537a 4500
003 OSt
005 20250505195800.0
008 250505b ||||| |||| 00| 0 spa d
020 _a9789585214736
040 _cCO-Mq BPB
041 _aspa
082 _aJN
_bCAMm
100 _aCameron, W. Bruce
_d1960
_eautor
245 _aTu Mejor Amigo
264 _aPenguin Random House;
_bBogotá;
_c2022
300 _a318 páginas;
_bTapa rustica
_c19 cm
490 _ala película basada en la novela, la razón de estar contigo
521 _aUna conmovedora historia que abrirá los corazones de todas aquellas personas que la lean. No se puede parar de leer esta novela. Un relato que te hace reír, llorar, pensar. No es tan solo una historia con un perro como protagonista, es una lección de amistad y de amor incondicional. Aquí se aprende que todos, cada criatura de la creación, ha nacido con algún propósito. Recomendado del librero. La razón de estar contigo Por W Bruce Cameron ,Reconfortante, profunda y repleta de momentos de felicidad y risas, La razón de estar contigo no es tan solo la historia emotiva de las múltiples vidas de un perro, es también la narración de las relaciones de los humanos vistas desde los ojos de un perro y de los inquebrantables nexos que existen entre el hombre y su mejor amigo. Esta conmovedora historia nos enseñará que el amor nunca muere, que nuestros verdaderos amigos estarán siempre a nuestro lado y que cada criatura en la Tierra ha nacido con algún propósito.
650 _aAmistad y de amor incondicional
650 _ahistoria emotiva
650 _aRelación humanos- perros
700 _aIsern, Carol
_etraductora
942 _2ddc
_cBKLIT
999 _c15922
_d15922